000 00839nam a2200241 a 4500
001 000005781
005 20200929151801.0
008 850307s1982 sp f000 0 spa
040 _aDO-SdBNP
_cDLC
_dDLC
082 _aU861.3
_bS113a
100 1 _aSabat Ercasty, Carlos,
_d1887-
_916356
240 1 0 _aSelections.
_f1983
245 1 0 _aAntología /
_cCarlos Sabat Ercasty ; selección y prólogo de Dora Isella Russell.
260 _aMontevideo :
_bMinisterio de Educación y Cultura,
_c1982.
300 _a2 v. ;
_c19 cm.
490 1 _aBiblioteca Artigas.
490 1 _aClásicos uruguayos ;
_v165-166
650 4 _aPoesia uruguaya
_93846
650 4 _aLiteratura uruguaya
_93054
700 1 _aIsella Russell, Dora.
_916357
830 0 _aBiblioteca Artigas.
_pClasicos uruguayo ;
_v165-166.
_916358
910 _aCatalogación por copia / LC
999 _c5577
_d5577